Представление документа в формате MARC21

Поле Инд. ПП Название Значение
Тип записи m
Библиографический уровень m
001 Контрольный номер a3a17af61d0a466c9f3dbbefd0f102d4
003 RU/IS/BASE/671646044
005 Дата корректировки 20240415161615.7
008 Кодируемые данные 240215 ru rus u
020 a ISBN 978-5-4222-0427-4 (т. 2)
020 a ISBN 978-5-4222-0425-0
040 a Служба первич. каталог. Б-ка МАГУ
e Правила каталог. PSBO
041 0_ a Код языка текста рус/rus
084 a Индекс другой классификации/Индекс ББК 74.480.278я43+81я43
203 a Вид содержания Текст
c Тип средства электронный
245 10 a Заглавие Молодая наука Заполярья
b Продолж. заглавия материалы научно-практической конференции студентов, магистрантов и аспирантов Социально-гуманитарного института МАГУ, 20-28 апреля 2020 года : в 2 томах
h Физич. носитель Электронный ресурс
c Ответственность Министерство науки и высшего образования Российской Федерации, Мурманский арктический государственный университет ; редколлегия: Е. Н. Квасюк, А. И. Виноградов
n Номер части/ раздела Том 2
260 a Место издания Мурманск
b Издательство МАГУ
c Дата издания 2020
300 a Объем 176 с.
500 a Примечание Загл. ст., авт. и аннот. парал. рус., англ.
500 a Примечание Электрон. текстовые дан. (файл : 2,0 Мб)
500 a Примечание URL: https://elib.mauniver.ru/2024/MASU/SB_99.pdf
500 a Примечание Доступ из локальной сети Мурманского арктического университета. - Загл. с экрана
500 a Примечание Имеется печ. аналог 2020 г.
504 a Библиография Библиогр. в конце ст.
520 0_ a Аннотация Разделы сборника: актуальные вопросы русской филологии и методики преподавания филологических дисциплин; актуальные проблемы теории и методики обучения истории в современных образовательных практиках школы и вуза
520 0_ a Аннотация Сборник в двух томах состоит из разделов: актуальные проблемы лингвистики и переводоведения, актуальные проблемы методики преподавания иностранных языков, актуальные вопросы русской филологии и методики преподавания филологических дисциплин, актуальные проблемы теории и методики обучения истории в современных образовательных практиках школы и вуза, актуальные проблемы современного гражданского права, актуальные проблемы философии и социологии. Издание адресовано студентам, магистрантам, аспирантам, учителям, преподавателям вузов, а также всем тем, кто интересуется проблемами современного языкознания, методики обучения иностранным языкам, русской филологии, истории, философии, права и социологии
650 04 a Основная рубрика Высшее образование-Сборники
650 04 a Основная рубрика Языкознание-Сборники
650 04 a Основная рубрика Филологические науки-Сборники
653 0_ a Ключевые слова История
a Ключевые слова МАГУ
a Ключевые слова Материалы конференций
a Ключевые слова Мурманский арктический государственный университет
a Ключевые слова Научные студенческие конференции
a Ключевые слова Русский язык
a Ключевые слова Сборники научных статей
a Ключевые слова Филология
a Ключевые слова Языкознание
a Ключевые слова Электронные версии
700 1_ a Другие авторы Квасюк Е. Н.
e Роль лиц отв. ред.
700 1_ a Другие авторы Виноградов А. И.
e Роль лиц ред.
710 12 a Организация/ юрисдикция Мурманский арктический государственный университет
856 40 u URL https://elib.mauniver.ru/2024/MASU/SB_99.pdf
901 t Тип документа m